Представление документа в формате RUSMARC

ПолеНазваниеЗначение
  Тип записи a
  Библиографический уровень m
001 Контрольный номер 7e06355314944a3cae407d04c15c9cbf
005 Дата корректировки 20140604150304.4
010 Индекс ISBN __
a ISBN 978-5-16-004415-6
101 Язык документа 0_
a Язык текста rus
102 Страна публикации __
a Страна публикации RU
200 Заглавие и сведения об ответственности 1_
a Заглавие Применение функционально-стоимостного анализа в решении управленческих задач
e Сведения, относящиеся к заглавию учеб. пособие для вузов
f Первые сведения об ответственности ред. В. В. Рыжова
210 Выходные данные 1_
c Издательство ИНФРА-М
a Место издания М.
d Дата издания 2011
215 Физическое описание __
a Объем 243[2] с.
225 Серия 2_
a Серия Высшее образование
610 Ключевые слова 0_
a Ключевые слова анализ
610 Ключевые слова 0_
a Ключевые слова функционально-стоимостный анализ
610 Ключевые слова 0_
a Ключевые слова аналитики
610 Ключевые слова 0_
a Ключевые слова учебное пособие
610 Ключевые слова 0_
a Ключевые слова гриф
686 Индексы других классификаций __
a Классификационный индекс 65.053.9(2)я73
2 Код системы rubbk
702 Вторичная интеллектуальная ответственность _1
a Фамилия Рыжова
b Имя В. В.
4 Код отношения 340
801 Источник записи _0
a Страна RU
b Организация РУК
c Дата составления 20101015
g Правила каталогизации PSBO
801 Источник записи _1
a Страна RU
b Организация РУК
c Дата составления 20101015
g Правила каталогизации PSBO
852 Данные о местонахождении __
j Шифр хранения ББК 65.053
i Авторский знак П 76
901 Тип документа __
t Тип документа m
938 Служебная информация __
a Название организации Головной вуз
b Имя БД BOOK
c Название АИБС АИБС ИРБИС
952 Тип литературы __
b Гриф литературы для ВШ гриф